Black, White or both? - Statistics

General Stats
  • This quiz has been taken 28 times
  • The average score is 18 of 21
Answer Stats
Hint Answer % Correct
Raven 1) BLACK
96%
Penguin 3) BOTH
96%
Charcoal 1) BLACK
92%
Coal 1) BLACK
92%
Iceberg 2) WHITE
92%
Shaving cream 2) WHITE
92%
Whipped Cream 2) WHITE
92%
Polar bear 2) WHITE
92%
Marshmallow 2) WHITE
92%
Zebra 3) BOTH
92%
Ebony wood 1) BLACK
88%
Cauliflower 2) WHITE
88%
Checkerboard 3) BOTH
88%
Giant Panda 3) BOTH
88%
Car tyre 1) BLACK
85%
Licorice 1) BLACK
81%
Barcode 3) BOTH
81%
Killer Whale 3) BOTH
81%
Obsidian 1) BLACK
73%
Stracciatella ice cream 3) BOTH
62%
Beluga whale 2) WHITE
58%
No matching quizzes found
Score Distribution
Percent of People with Each Score
Percentile by Number Answered
Your Score History
You have not taken this quiz